Evaluación del proceso tecnológico del descascarillado de Maní en la Industria Manisera DECASA

Detalla la realización de un diagnóstico técnico del proceso de descascarillado, una caracterización técnica de cada uno de los equipos en que ocurren las operaciones del proceso de descascarillado, formula los respectivos balances de materia y energía en cada uno de los equipos que involucran...

Full description

Bibliographic Details
Main Author: Rivas Meléndez, Rafael Salvador
Other Authors: Tutor: Álvarez García, Sergio Enrique
Format: Tesis Section = Libro
Language:Undetermined
Spanish
Published: Managua UNI 1999
Subjects:
LEADER 01370nam a2200241Ia 4500
008 240830s9999 xx 000 0 und d
040 |a BIBLIOTECA-RUSB/ Mon 658.53 R618 
041 |a spa 
082 |a Mon 658.53 R618 
100 1 |a Rivas Meléndez, Rafael Salvador 
245 1 0 |a Evaluación del proceso tecnológico del descascarillado de Maní en la Industria Manisera DECASA 
260 |a Managua  |b UNI  |c 1999 
300 |a 217 p. :il. 
500 |a Contiene: anexos. 
502 |a Tesis (Ingeniero Químico) - UNI, 1999. 
520 3 |a Detalla la realización de un diagnóstico técnico del proceso de descascarillado, una caracterización técnica de cada uno de los equipos en que ocurren las operaciones del proceso de descascarillado, formula los respectivos balances de materia y energía en cada uno de los equipos que involucran el proceso de descascarillado y la formulación de la recomendaciones para la optimización del proceso que involucra el funcionamiento de la planta procesadora de maní en la industria manisera DECASA. Contiene transportados de cangilones, Molinos, Transportadores neumáticos, de banda, Sección de tolvas. 
650 7 |a PROCESOS 
650 7 |b  DESCASCARILLADO - MANI 
650 7 |c  INDUSTRIAS OLEAGINOSAS 
700 1 |a Tutor:  |b Álvarez García, Sergio Enrique 
942 |c BK  |2 ddc 
991 |a TESIS 
999 |c 20609